| 000 | 00500 a2200169 4500 | ||
|---|---|---|---|
| 003 | OSt | ||
| 005 | 20231222162516.0 | ||
| 008 | 231222b |||||||| |||| 00| 0 eng d | ||
| 020 | _a9788181436962 | ||
| 040 | _coclc | ||
| 082 |
_a891.43 _bSHA/K |
||
| 100 |
_aSharma, Brijbhushan _910199 |
||
| 245 |
_aKABEER KI SAUNDARYA BHAWANA / _cDr. Brijbhushan Sharma |
||
| 260 |
_aNew Delhi: _bVani Prakashan, _c2008. |
||
| 300 | _a286p | ||
| 942 |
_2ddc _cBK _h891.43 _iSHA/K _k891.43 _mSHA/K |
||
| 999 |
_c43537 _d43537 |
||